Central Library OPAC University of Rajshahi

কুজঝকঞ্চুকী-বুঝি, বুঝি না / (Record no. 54158)

MARC details
000 -LEADER
fixed length control field 00853nam a2200229 a 4500
001 - CONTROL NUMBER
control field 54158
003 - CONTROL NUMBER IDENTIFIER
rucl marc code BD-RjUL
005 - DATE AND TIME OF LATEST TRANSACTION
control field 20211209080059.0
008 - FIXED-LENGTH DATA ELEMENTS--GENERAL INFORMATION
fixed length control field 161102s2002 bg ||||| |||| 00| 0 ben d
020 ## - INTERNATIONAL STANDARD BOOK NUMBER
International Standard Book Number 9845692729
Terms of availability : TK 120.00
035 ## - SYSTEM CONTROL NUMBER
System control number (BD-RjUL)54280
040 ## - CATALOGING SOURCE
Original cataloging agency BD-RjUL
Language of cataloging ben
Transcribing agency BD-RjUL
041 ## - LANGUAGE CODE
Language code of text/sound track or separate title ben
082 ## - DEWEY DECIMAL CLASSIFICATION NUMBER
Edition number 23
Classification number 891.441
Author mark and year AHK 2002
100 ## - MAIN ENTRY--PERSONAL NAME
Personal name আহমেদ, এ, এইচ, মঈনউদ্দীন
9 (RLIN) 147937
245 10 - TITLE STATEMENT
Title কুজঝকঞ্চুকী-বুঝি, বুঝি না /
Statement of responsibility, etc. এ, এইচ, মঈনউদ্দীন আহমেদ
260 ## - PUBLICATION, DISTRIBUTION, ETC. (IMPRINT)
Place of publication, distribution, etc. ঢাকা :
Name of publisher, distributor, etc. আজকাল প্রকাশনী,
Date of publication, distribution, etc. ২০০২
300 ## - PHYSICAL DESCRIPTION
Pagination ১৮৪ পৃ. ;
Size ২১ সেমি.
650 ## - SUBJECT ADDED ENTRY--TOPICAL TERM
Topical term or geographic name as entry element বাংলা কবিতা
9 (RLIN) 161674
Topical term or geographic name as entry element Bengali Poetry
9 (RLIN) 161675
942 ## - ADDED ENTRY ELEMENTS (KOHA)
Source of classification or shelving scheme Dewey Decimal Classification
Koha item type Books
Holdings
Lost status Source of classification or shelving scheme Damaged status Not for loan Collection code Permanent Location Current Location Shelving location Date acquired Total Checkouts Full call number Date last seen Copy number Koha item type
  Dewey Decimal Classification     Non-fiction Central Library, University of Rajshahi Central Library, University of Rajshahi   16/10/2003   B 891.441 AHK 2002 02/11/2016 C-2 Books